Central Library OPAC University of Rajshahi

Water flow in soils / (Record no. 66734)

MARC details
000 -LEADER
fixed length control field 00867nam a2200265 a 4500
001 - CONTROL NUMBER
control field 66734
003 - CONTROL NUMBER IDENTIFIER
rucl marc code BD-RjUL
005 - DATE AND TIME OF LATEST TRANSACTION
control field 20211209081555.0
008 - FIXED-LENGTH DATA ELEMENTS--GENERAL INFORMATION
fixed length control field 170319s1993 nyua b 001 0 eng
020 ## - INTERNATIONAL STANDARD BOOK NUMBER
International Standard Book Number 0824789822 (acidfree paper)
035 ## - SYSTEM CONTROL NUMBER
System control number (BD-RjUL)66865
040 ## - CATALOGING SOURCE
Original cataloging agency DLC
Transcribing agency DLC
Modifying agency BD-RjUL
Language of cataloging eng
041 ## - LANGUAGE CODE
Language code of text/sound track or separate title eng
082 00 - DEWEY DECIMAL CLASSIFICATION NUMBER
Classification number 631.432
Edition number 23
Author mark and year MIW 1993
100 1# - MAIN ENTRY--PERSONAL NAME
Personal name Miyazaki, Tsuyoshi,
Dates associated with a name 1947-
9 (RLIN) 197559
245 10 - TITLE STATEMENT
Title Water flow in soils /
Statement of responsibility, etc. Tsuyoshi Miyazaki with contributions by Shuichi Hasegawa, Tatsuaki Kasubuchi.
260 ## - PUBLICATION, DISTRIBUTION, ETC. (IMPRINT)
Place of publication, distribution, etc. New York :
Name of publisher, distributor, etc. Marcel Dekker,
Date of publication, distribution, etc. c1993.
300 ## - PHYSICAL DESCRIPTION
Pagination vii, 296 p. :
Illustrations ill. ;
Size 24 cm.
504 ## - BIBLIOGRAPHY, ETC. NOTE
Bibliography, etc Includes bibliographical references and index.
650 #0 - SUBJECT ADDED ENTRY--TOPICAL TERM
Topical term or geographic name as entry element Soil percolation.
9 (RLIN) 196601
Topical term or geographic name as entry element Soil physics.
9 (RLIN) 197560
700 1# - ADDED ENTRY--PERSONAL NAME
Personal name Hasegawa, Shuichi.
Personal name Kasubuchi, Tatsuaki.
942 ## - ADDED ENTRY ELEMENTS (KOHA)
Source of classification or shelving scheme Dewey Decimal Classification
Koha item type Books
Holdings
Lost status Source of classification or shelving scheme Damaged status Not for loan Collection code Permanent Location Current Location Shelving location Date acquired Source of acquisition Cost, normal purchase price Total Checkouts Full call number Date last seen Copy number Koha item type
  Dewey Decimal Classification   Not For Loan Non-fiction Central Library, University of Rajshahi Central Library, University of Rajshahi Reading Room 24/10/2005 Paragogn Enterprise, Dhaka 179.95   631.432 MIW 1993 19/03/2017 C-1 Books